|
|
|
|
| LEADER |
00000nab a2200000 a 4500 |
| 001 |
vtls000408111 |
| 003 |
SK-MaSNL |
| 005 |
20260311224750.0 |
| 008 |
160201c1990 xo 0 slo |
| 015 |
|
|
|a SNBRB19rr/mm-uuuuu
|
| 035 |
|
|
|a CL0408235
|
| 040 |
|
|
|a SNKBUCL
|b slo
|c SNKBUCL
|e AACR2
|
| 041 |
0 |
|
|a slo
|
| 044 |
|
|
|a xo
|c SK
|
| 080 |
|
|
|a 943.7:930.25
|2 1981
|
| 080 |
|
|
|a 930.25
|2 1981
|
| 245 |
0 |
0 |
|a Boj o republiku
|
| 300 |
|
|
|b Obr. 4.
|
| 500 |
|
|
|a (Úryvky z knihy Dokumenty našeho osvobození, r. 1919.)
|
| 650 |
0 |
7 |
|a archívne dokumenty
|2 SNKPH
|9 78548
|
| 651 |
|
7 |
|a Československo
|2 SNKPHgeo
|9 21376
|
| 655 |
|
7 |
|a články z novín a časopisov
|2 SNK
|9 267496
|
| 773 |
0 |
|
|t Osvetová práca
|g Roč. 40, č. 23 (1990), s. 34-35
|
| 850 |
|
|
|a Slovenská národná knižnica v Martine
|a MTA001
|
| 852 |
|
|
|a SNK
|b KIS3GCP
|
| 958 |
|
|
|a RK
|
| 958 |
|
|
|a CZ
|
| 992 |
|
|
|a RBX
|
| 999 |
|
|
|c 3261920
|d 3263850
|